Pink Floyd lyrics - Comfortably Numb - Statistics

General Stats
  • This quiz has been taken 2,252 times
    2,247 since last reset
  • The average score is 36 of 44
Answer Stats
Hint Answer % Correct
___, Is there anybody in there? Hello
99%
I... Have become ______ numb comfortably
94%
But I can't ___ what you're saying hear
94%
Get you on your ___ again feet
93%
A distant ship's smoke on the ____ horizon
93%
A distant ship's smoke on the ____ horizon
93%
Now I've got that ____ once again feeling
91%
Can you show me where it ___? hurts
91%
Just the basic ____ facts
90%
Is there anyone ____? home
90%
Just ___ if you can hear me nod
90%
_____ on, Come
89%
But you may feel a ___ sick little
89%
When I was a ____ child
88%
I hear you're feeling ____ down
88%
But I can't hear what you're ____ saying
88%
Come on, It's___ to go time
88%
Your ____ move lips
87%
Your lips ___ move
87%
This is not how I __ am
86%
When I was a child I had a ____ fever
85%
I'll need some _____ first information
85%
I... Have become comfortably ____ numb
85%
You would not ______ understand
84%
You are only ____ through in waves coming
83%
You are only ____ through in waves coming
83%
Out of the ____ of my eye corner
83%
Can you ___ up? stand
83%
My hands felt just like, two _____ balloons
82%
Just a little ___ prick pin
82%
I do believe it's ____, Good working
81%
I can't ____ explain
79%
I cannot put my ____ on it now finger
78%
____, Relax
78%
I can ____ your pain ease
77%
There is no pain you are ____ receding
73%
There is no pain you are ____ receding
73%
I caught a ____ glimpse fleeting
71%
The ____ is gone dream
69%
_____ be no more aaaaaaaah! There'll
65%
I ____ to look but it was gone turned
64%
That'll keep you going ____ the show through
59%
The child is ___ grown
58%
__ Ok
55%
No matching quizzes found
Score Distribution
Percent of People with Each Score
Percentile by Number Answered
Your Score History
You have not taken this quiz since the last reset